• 首页
  • 本馆介绍
  • 公告通知
  • 最新文献
  • 馆藏检索
  • 电子资源
  • 读者导购
  • 参考咨询
  • 我的图书馆
  • 登录
  • 详细信息显示
  • 放入我的书架
  • 预约/预借图书
  • 作者相关作品
  • 分类相关作品
  • 丛书相关作品
  • 出版社相关作品

书目信息

  • 表格格式
  • 工作单格式
  • 卡片格式
题名:
女神
    
 
作者: 郭沫若 著
分册:  
出版信息: 武汉   长江文艺出版社  2019
页数: 155页
开本: 23cm
丛书名:
单 册:
中图分类: I226.1
科图分类:
主题词: 新诗--诗集--中国--现代
电子资源:
ISBN: 978-7-5702-1141-8
000 01017nam0 2200241 450
001 012001010627
005 20131102150028.0
010    @a978-7-5702-1141-8@dCNY19.80
100    @a20190801d2019 em y0chiy50 ea
101 0  @achi
102    @aCN@b420000
105    @ay z 000gy
106    @ar
200 1  @a女神@Anv shen@f郭沫若著
210    @a武汉@c长江文艺出版社@d2019
215    @a155页@d23cm
300    @a统编高中语文教科书指定阅读书系
330    @a本书收入《女神之再生》《凤凰涅槃》《天狗》《炉中煤》《地球,我的母亲!》等诗歌,其中的多篇作品收入各级语文教材或被指定为语文课外读物。《女神》是郭沫若的第一部诗集,也是中国现代文学第一部成熟的新诗集。在诗歌形式上,突破了旧格套的束缚,创造了雄浑奔放的自由诗体,为“五四”以后自由诗的发展开拓了新的天地,成为中国新诗的奠基之作。作为郭沫若早期诗歌代表作的结集,影响广泛深远。
606 0  @a新诗@x诗集@y中国@z现代
690    @aI226.1@v5
701  0 @a郭沫若@Aguo mo ruo@f(1892-1978)@4著
801  0 @aCN@b上海新华@c20191020
905    @b1182130-3@dI226.1@e121@f4
    
    女神/郭沫若著.-武汉:长江文艺出版社,2019
    155页;23cm
    统编高中语文教科书指定阅读书系
    
    ISBN 978-7-5702-1141-8:CNY19.80
    本书收入《女神之再生》《凤凰涅槃》《天狗》《炉中煤》《地球,我的母亲!》等诗歌,其中的多篇作品收入各级语文教材或被指定为语文课外读物。《女神》是郭沫若的第一部诗集,也是中国现代文学第一部成熟的新诗集。在诗歌形式上,突破了旧格套的束缚,创造了雄浑奔放的自由诗体,为“五四”以后自由诗的发展开拓了新的天地,成为中国新诗的奠基之作。作为郭沫若早期诗歌代表作的结集,影响广泛深远。
●
相关链接 在E读中查询图书 在五车中查询图书 在当当中查询图书 在豆瓣中查询图书


正题名:女神     索取号:I226.1/121         预约/预借

序号 登录号 条形码 馆藏地/架位号 状态 备注
1 1182130   211821304   第一样本阅览室/ [索取号:I226.1/121] 在馆    
2 1182131   211821313   第二借阅区/ [索取号:I226.1/121] 在馆    
3 1182132   211821322   第二借阅区/ [索取号:I226.1/121] 在馆    
4 1182133   211821331   第二借阅区/ [索取号:I226.1/121] 在馆    
唐山师范学院图书馆 欢迎您!
大连网信软件有限公司© 版权所有